Nineteen eighty-four : the facsimile of the extant manuscript /

Bibliographic Details
Main Author: Orwell, George, 1903-1950
Other Authors: Davison, Peter Hobley
Format: Book
Language:English
Published: Weston, Mass. : M & S Press, 1984.
Subjects:

MARC

Tag First Indicator Second Indicator Subfields
LEADER 00000cam a2200000 a 4500
001 in00001105921
005 20150930061115.0
008 850611s1984 mauh 000 0 eng d
035 |a (OCoLC)12143517 
035 |9 AFU8198AM 
040 |a DLM  |c DLM  |d m/c  |d TXA  |d UtOrBLW 
049 |a TXAS [scif]  
090 |a PR6029.R8  |b N49 1984b 
100 1 |a Orwell, George,  |d 1903-1950. 
245 1 0 |a Nineteen eighty-four :  |b the facsimile of the extant manuscript /  |c George Orwell ; edited by Peter Davison ; preface by Daniel G. Siegel. 
264 1 |a Weston, Mass. :  |b M & S Press,  |c 1984. 
300 |a xxv, 1 unnumbered page, 381 pages :  |b facsimiles ;  |c 34 cm. 
336 |a text  |b txt  |2 rdacontent 
337 |a unmediated  |b n  |2 rdamedia 
338 |a volume  |b nc  |2 rdacarrier 
500 |a Title in blue and black; vignette. 
500 |a Holograph manuscript of Nineteen eighty-four, featuring both the facsim. and a transcript. 
500 |a "Two hundred and seventy-five copies have been quarterbound by Gray Parrot." 
600 1 0 |a Orwell, George,  |d 1903-1950  |x Manuscripts  |x Facsimiles. 
700 1 |a Davison, Peter Hobley. 
740 0 |a 1984. 
999 |a MARS 
999 f f |s 671f1d42-1e08-348d-b6bb-614a56df1b84  |i 50978cd1-4f4c-353a-8e47-249a2c9bd8e3  |t 0 
952 f f |p noncirc  |a Texas A&M University  |b College Station  |c Cushing Memorial Library & Archives  |d Cushing: Science Fiction (Does not check out)  |t 0  |e PR6029.R8 N49 1984b  |h Library of Congress classification  |i unmediated -- volume 
998 f f |a PR6029.R8 N49 1984b  |t 0  |l Cushing: Science Fiction (Does not check out)